| 000 | 00498nam a22001937a 4500 | ||
|---|---|---|---|
| 003 | BD-ChCU | ||
| 005 | 20251120135759.0 | ||
| 008 | 251120b ii ||||| |||| 00| 0 eng d | ||
| 020 | _a9788173199134 | ||
| 040 | _cBD-ChCU | ||
| 082 |
_223 _a571.4 S774e |
||
| 100 |
_aSrivastava, P.K. _916546 |
||
| 245 |
_aElementary biophysics / _cP.K. Srivastava |
||
| 250 | _a2nd. ed. | ||
| 260 |
_aNew Delhi: _bNarose Pub., _cc2011 |
||
| 300 | _a269p. | ||
| 650 | 0 |
_aBiophysics _916548 |
|
| 942 |
_2ddc _cBK _n0 |
||
| 999 |
_c109649 _d109649 |
||